000 00486nam a2200181 a 4500
005 20140310183633.0
008 030424s19uu xx 00 eng d
020 _a0883017210
050 _aPR 4571
_b.D548Tor 1984
100 _aDickens, Charles
245 _aA tale of two Cities /
_cCharles Dickens.
260 _aConnecticut :
_bAcademic Inducstries, Inc,
_c1984.
300 _a61 p. :
_c18 cm.
650 _aFiction
650 _aClassics
942 _cBK
_2lcc
999 _c25636
_d25636